Statistiques concernant Équipe de Suisse de Football - Tous les joueurs (2000-..)

Cliquez ici pour prendre le quiz!

Statistiques générales

  • Ce quiz a été pris 93 fois
    (32 depuis la dernière actualisation)
  • Le résultat moyen est 47 sur 143

Statistiques - réponses

Première sélection Dernière sélection Joueur Nb de sélections % Correct
2010Xherdan Shaqiri82
97%
20012011Alexander Frei86
87%
2011Fabian Frei14
83%
2011Granit Xhaka76
83%
2012Yann Sommer47
77%
20062014Diego Benaglio61
73%
2015Breel Embolo32
70%
2006Johan Djourou76
70%
2006Stephan Lichtsteiner105
70%
20052018Valon Behrami83
67%
2013Fabian Schär50
67%
20052016Philippe Senderos57
67%
19892004Stéphane Chapuisat103
67%
2016Edimilson Fernandes10
63%
20082008Sandro Burki1
63%
19982008Patrick Müller89
63%
2014Roman Bürki9
63%
2011Ricardo Rodriguez65
63%
20072018Gelson Fernandes67
63%
2013Haris Seferovic61
60%
2017Steven Zuber25
60%
20032011Marco Streller37
57%
2011Admir Mehmedi61
57%
2017Manuel Akanji17
57%
20042014Tranquillo Barnetta75
57%
2014François Moubandjé21
57%
2016Denis Zakaria18
57%
20002011Hakan Yakin87
57%
19942004Murat Yakin49
57%
19952007Johann Vogel94
53%
2013Michael Lang30
53%
19942008Pascal Zuberbühler51
53%
20002010Ludovic Magnin63
53%
2018Yvon Mvogo2
53%
2006Blerim Dzemaili69
53%
20002004Jörg Stiel21
50%
20062015Gökhan Inler89
50%
2008Valentin Stocker36
50%
2016Nico Elvedi11
47%
2012Josip Drmic34
47%
2018Kevin Mbabu8
43%
20002010Blaise Nkufo34
43%
20052009Philipp Degen32
43%
2017Remo Freuler18
43%
20002008Ricardo Cabanas51
43%
19962008Raphaël Wicky75
43%
20062011David Degen17
43%
20032010Benjamin Huggel41
43%
19932006Stéphane Henchoz72
43%
20032010Christoph Spycher46
43%
19922001Marco Pascolo55
43%
20042010Johan Vonlanthen40
40%
2015Marwin Hitz2
40%
19882001Kubilay Türkyilmaz64
40%
2008Eren Derdiyok60
40%
20062016Steve von Bergen50
40%
20042008Daniel Gygax35
40%
20042011Stéphane Grichting45
40%
19962005Bernt Haas36
40%
19982007Fabio Celestini35
40%
20052008Fabio Lustrinelli12
37%
2018Loris Benito5
37%
2018Albian Ajeti10
37%
2015Renato Steffen5
33%
20082013Marco Wölfli11
33%
19912001Ciriaco Sforza79
33%
19982005Alexandre Rey18
33%
2013Fabian Lustenberger3
30%
2011Mario Gavranovic21
30%
20052014Reto Ziegler35
30%
2014Silvan Widmer9
30%
2018Christian Fassnacht5
30%
20002004Marco Zwyssig20
27%
19962000Sébastien Jeanneret18
27%
2010François Affolter5
27%
19962001Alexandre Comisetti30
27%
2011Vincent Rüfli1
27%
19922002Yvan Quentin41
27%
19972005Johann Lonfat24
27%
20082008Eldin Jakupovic1
23%
2010Nassim Ben Khalifa4
23%
20062007Fabio Coltorti8
23%
2018Léo Lacroix1
23%
20002003Léonard Thurre8
23%
2013Pajtim Kasami12
23%
20012004Bruno Berner16
23%
19942002Sébastien Fournier40
23%
2011Timm Klose17
23%
20052010Xavier Margairaz18
23%
20092014Pirmin Schwegler14
23%
19962001Massimo Lombardo15
20%
20102010Scott Sutter2
20%
20032004Milaim Rama7
20%
20092010Albert Bunjaku6
17%
2018Djibril Sow6
17%
20092014Marco Padalino9
17%
20012004Mario Cantaluppi22
17%
20072010Mario Eggimann10
17%
20112011Johnny Leoni1
17%
19962002David Sesa36
17%
2019Cedric Itten2
17%
2012Matias Vitkieviez1
17%
2008Alain Nef4
17%
20002002Marc Zellweger13
13%
19972001Antonio Esposito3
13%
20102011Moreno Costanzo7
13%
20022002Fabrice Borer3
13%
2016Shani Tarashaj5
13%
2019Ruben Vargas3
13%
19932001Ramon Vega23
13%
20002000Badile Lubamba2
13%
2018Dimitri Oberlin1
13%
20022004Rémo Meyer5
13%
20052005Alain Rochat1
13%
20122012Adrian Winter1
10%
2010Jonathan Rossini1
10%
20122012Izet Hajrovic1
10%
2011Innocent Emeghara9
10%
2014Marco Schönbächler2
10%
19982002Francesco Di Jorio13
10%
19942002Giuseppe Mazzarelli13
10%
2015Luca Zuffi4
10%
19992006Boris Smiljanic3
10%
19922000Régis Rothenbühler19
7%
2019Eray Cömert1
7%
2019Michel Aebischer1
7%
2008Almen Abdi6
7%
2011Gaetano Berardi1
7%
2019Noah Okafor1
7%
20062007Alberto Regazzoni3
7%
20102010Davide Chiumiento1
7%
20002000Patrick Bühlmann2
7%
20002004André Muff2
7%
20042004Thomas Häberli1
7%
20012001Giorgio Contini1
7%
20002000Andres Gerber1
7%
20122013Michel Morganella2
7%
20022003Stephan Keller3
3%
20092009Heinz Barmettler1
3%
20122012Alain Wiss2
3%
2017Florent Hadergjonaj1
3%
20112011Beg Ferati1
3%
20002000Dario Rota3
0%

Distribution des résultats

Percentile par nombre de réponses

% des personnes avec chaque résultat

Votre développement - résultats

Vous n’avez pas pris ce quiz depuis la dernière actualisation